| 000 | 00616nam a2200193 a 4500 | ||
|---|---|---|---|
| 005 | 20210223132328.0 | ||
| 008 | 140403s2003 mx r 000 0 spa d | ||
| 020 | _a8574161934 | ||
| 035 | _aUPN01000196821 | ||
| 049 | _aI | ||
| 050 | 4 |
_aPZ83 _bC3.3 |
|
| 100 | 1 |
_aCamossa, Silvia, _d1969- _936114 |
|
| 245 | 1 | 0 |
_aElecciones que brillan / _cSilvia Camossa ; tr. Lourdes Hernández Fuentes ; il. Camila Mesquita. |
| 260 |
_aSâo Paulo, Br. : _bCallis, _c2003. |
||
| 300 |
_a63 p. : _bil. col. |
||
| 650 | 4 |
_aCUENTOS INFANTILES BRASILEÑOS _912222 |
|
| 650 | 4 |
_aARTE - _vLITERATURA INFANTIL _923444 |
|
| 905 | _aInfantil | ||
| 999 |
_c168922 _d168922 |
||